| 000 | 01026nam a22003257a 4500 | ||
|---|---|---|---|
| 003 | CHAP | ||
| 005 | 20220329134507.0 | ||
| 008 | 971013s1977 r 00010 d | ||
| 010 | _a21153 | ||
| 011 | _a22125 | ||
| 035 | _a26218 | ||
| 040 | _cCHAP | ||
| 082 |
_a551.4 _bD6 |
||
| 100 | 0 | 0 |
_aDouglas, Ian. _934077 |
| 245 | _aHumid landforms | ||
| 260 |
_aCambridge, Mass. : _bMIT, _c1977 |
||
| 300 | _a288 p. | ||
| 490 |
_aAn introduction to systematic geomorphology _v; 1 |
||
| 590 |
_aBATCH-UPD _b10 _c20130110 _lUCH01 _h1804 |
||
| 590 |
_aBATCH-UPD _b10 _c20130410 _lUCH01 _h1140 |
||
| 590 |
_aBATCH-UPD _b10 _c20130914 _lUCH01 _h1538 |
||
| 590 |
_aCONVERSION _b10 _c20130109 _lUCH01 _h1313 |
||
| 650 | 1 | 4 |
_aGeografía física. _947590 |
| 650 | 1 | 4 |
_aGeología. _947604 |
| 830 | 0 |
_aAn introduction to systematic geomorphology _v; 1 _95459 |
|
| 901 | _aBK | ||
| 942 | _cLIBRO | ||
| 949 |
_a551.4 D6 _bBC _cLIBRO _d33724000400180 _eLIBRO _h56077 _i26218 _si |
||
| 949 |
_a551.4 D6 _bBC _cMUT _d33724000400305 _eMUT _fc.2 _h56078 _i26218 _si |
||
| 999 |
_c21153 _d21153 |
||